| 000 | 00665nam a2200229 4500 | ||
|---|---|---|---|
| 003 | OSt | ||
| 005 | 20251023063620.0 | ||
| 006 | a | ||
| 008 | 240726b |||||||| |||| 00| 0 eng d | ||
| 020 | _a9780071263351 | ||
| 040 |
_aDWCL-Main lib. _cOC |
||
| 082 |
_2Ninth edition _aCirc. 658.8 C898s 2009 |
||
| 100 | _aPiercy, Nigel F. | ||
| 245 | _aStrategic marketing / | ||
| 250 | _aNinth edition | ||
| 260 |
_aN. Y. : _bMcGraw-Hill/Irwin, _cc2009. |
||
| 300 |
_axv, _b784 p. : ill. ; _c25 cm. |
||
| 504 | _aIncludes indexes. | ||
| 650 | _a1. Marketing-Decision making. | ||
| 650 | _a2. Marketing-Management. | ||
| 942 |
_2ddc _n0 _cBK-CIRC _eNinth edition _kCirc. |
||
| 999 |
_c2796 _d2796 |
||